Asia Map Quiz - "D" Cities - Statistics

General Stats
  • This quiz has been taken 130 times
  • The average score is 14 of 20
Answers on the Map
Answers color-coded by a green-red scale on the quiz's map according to % correct below.
 
Answer Stats
Answer % Correct
Damascus
98%
Doha
93%
Dubai
92%
Dushanbe
90%
Dhaka
88%
Delhi
87%
Dili
84%
Da Nang
76%
Daegu
75%
Davao
72%
Denpasar
69%
Dalian
66%
Dammam
63%
Darjeeling
59%
Dongguan
58%
Daqing
51%
Dera Ghazi Khan
47%
Depok
36%
Dehradun
33%
Dawei
31%
No matching quizzes found
Score Distribution
Percent of People with Each Score
Percentile by Number Answered
Your Score History
You have not taken this quiz